1647 1827 1755 1080 1922 1948 1375 1881 1080 1665 1585 1940 1236 1507 1438 1870 1560 1866 1800 1119 1754 1688 1704 1063 1415 1629 1138 1362 1477 1192 1863 2000 1758 1738 1812 1279 1924 1695 1536 1412 1486 1952 1609 1998 1183 1000 1251 1469 1867 1567 1064 1245 1814 1616 1698 1301 1069 1807 1567 1765 1994 1796 1767 1254 1472 1312 1668 1524 1497 1832 1168 1377 1385 1916 1989 1702 1446 1226 1763 1846 1302 1773 1716 1451 1437 1406 1415 1843 1968 1752 1440 1938 1951 1098 1645 1950 1103 1917 1018 BCNSPRNW ULIB Ver.6.0+V

เปลี่ยนเป็นภาษาไทย

Change to English
 แสดงรายละเอียดบรรณานุกรม
  กลับหน้าหลัก

Brief Record : Get Marc (ISO 2709) : E-mail record : QR code < ปิดหน้าต่าง
LEADER : 00000nam 2200000uu 4500
001    13399123000
003     ULIB
008    131127s2556||||th 000 0 tha d
099    วจ.WQ150^bอ494
100 0  อัจฉโรบล แสงประเสริฐ
245 00 ความสัมพันธ์ระหว่างปัจจัยเกื้อ การรับรู้ความสามารถของตนเองกับพฤติกรรมการดูแลตนเองที่บ้าน ของมารดาวัยรุ่นในระยะหลังคลอด
246 0  The relationship between protective factors, percieved self-efficacy and postpartum self-care behaviors in adolescent mothers at hkome
260    นครสวรรค์:^bวิทยาลัยพยาบาลสวรรค์ประชารักษ์,^c2556
300    37 แผ่น
650  7 มารดาวัยรุ่นในระยะหลังคลอด^xวิจัย
650  7 พฤติกรรมการดูแลตนเอง^xวิจัย
700 0  พรวิไล คล้ายจันทร์
700 0  พลอยไพลิน มาสุขกำแพงจินดา
945    ^p0^l0^i034202
945    ^p0^l0^i034203
999    ^aเกษร โพธิ์สุวรรณ
รายการนี้ยังไม่มีแท็ก
คุณยังไม่ได้ล็อกอิน คุณสามารถมีกิจกรรมร่วมกับเว็บไซต์ได้ แต่ต้องล็อกอินก่อน ::
  ล็อกอิน

รายการสื่อสารสนเทศ

ลำดับที่ ประเภท เลขเรียก/บาร์โค้ด สถานที่ สถานะ
1. งานวิจัย
งานวิจัย
วจ.WQ150 อ494 ฉ.1 
  Barcode: 034202
ห้องสมุดวิทยาเขตสวรรค์ประชารักษ์
►วิจัย
บนชั้น
2. งานวิจัย
งานวิจัย
วจ.WQ150 อ494 ฉ.2 
  Barcode: 034203
ห้องสมุดวิทยาเขตสวรรค์ประชารักษ์
►วิจัย
บนชั้น

รายการใกล้เคียง
    ผู้แต่ง [อัจฉโรบล แสงประเสริฐ]

BibComment


ยังไม่เคยถูกคอมเมนท์

คอมเมนท์ทรัพยากรรายการนี้
  คอมเมนท์: ความสัมพันธ์ระหว่..


 Copyright 2026. Bcnsprnw @Library